[Event "Cuiaba Contaud op"]
[Site "Cuiaba"]
[Date "2012.10.26"]
[Round "2"]
[White "Barbosa, Evandro Amorim"]
[Black "Langner, Donizete Ribeiro"]
[Result "1-0"]
[WhiteElo "2427"]
[BlackElo "2019"]
[PlyCount "85"]
[EventDate "2012.10.26"]
[EventType "swiss"]
[EventRounds "6"]
[EventCountry "BRA"]
[SourceTitle "EXT 2013"]
[Source "ChessBase"]
[SourceDate "2012.11.22"]
[SourceVersion "1"]
[SourceVersionDate "2012.11.22"]
[SourceQuality "1"]

1. d4 Nf6 2. c4 c5 3. d5 b5 4. Nf3 e6 5. Bg5 Qa5+ 6. Qd2 Qxd2+ 7. Nbxd2 exd5 8. Bxf6 gxf6 9. cxd5 d6 10. e4 a6 11. a4 b4 12. Nc4 Ra7 13. Nh4 Rg8 14. Be2 f5 15. exf5 Be7 16. g3 Bxh4 17. gxh4 Ke7 18. Ne3 Nd7 19. 0-0-0 Nf6 20. Bf3 Bd7 21. b3 Raa8 22. Rhe1 Kf8 23. Nc4 Ne8 24. Nb6 Rd8 25. Re4 Bxf5 26. Rf4 Ng7 27. h5 h6 28. Rg1 Bc8 29. Rg6 Ne8 30. Be4 Rh8 31. Rg3 Ng7 32. Bg6 f5 33. Re3 Bd7 34. Re1 Be8 35. Bxf5 Nxf5 36. Rxf5+ Bf7 37. Re6 Rg8 38. Rxh6 Rg1+ 39. Kd2 Kg7 40. Rhf6 Bxh5 41. Re6 Bg6 42. Rf3 Rb1 43. Rg3 1-0

[Event "BRA-chT U26"]
[Site "Foz do Iguacu"]
[Date "2012.10.21"]
[Round "7"]
[White "Santos, Gleydson Jose Barbo"]
[Black "Langner, Donizete Ribeiro"]
[Result "1/2-1/2"]
[WhiteElo "1850"]
[BlackElo "2019"]
[PlyCount "81"]
[EventDate "2012.10.18"]
[EventType "team-swiss"]
[EventRounds "7"]
[EventCountry "BRA"]
[SourceTitle "EXT 2013"]
[Source "ChessBase"]
[SourceDate "2012.11.22"]
[SourceVersion "1"]
[SourceVersionDate "2012.11.22"]
[SourceQuality "1"]

1. c4 Nf6 2. Nc3 c5 3. Nf3 g6 4. g3 Bg7 5. Bg2 0-0 6. 0-0 Nc6 7. d4 cxd4 8. Nxd4 Nxd4 9. Qxd4 d6 10. Bg5 Be6 11. Qh4 Rc8 12. b3 Qa5 13. Rac1 Rc5 14. Nd5 Nxd5 15. cxd5 Rxc1 16. Rxc1 Bxd5 17. Bxe7 Re8 18. e4 Bc6 19. Bxd6 Qxa2 20. e5 Bxg2 21. Kxg2 Qxb3 22. Qe4 b5 23. Qc6 Qe6 24. Qxb5 a6 25. Qb7 h5 26. h4 a5 27. Rc7 Bxe5 28. Bxe5 Qxe5 29. Rxf7 Qe4+ 30. Qxe4 Rxe4 31. Ra7 a4 32. Kf3 Rb4 33. Ke3 Rb3+ 34. Kf4 Rb4+ 35. Ke5 Rc4 36. Kf6 Rg4 37. Ra5 Kh7 38. Kf7 Rb4 39. f4 Rb3 40. Rxa4 Rxg3 41. Ra8 1/2-1/2

[Event "BRA-chT U26"]
[Site "Foz do Iguacu"]
[Date "2012.10.20"]
[Round "5"]
[White "Amorim, Daniel Madson De Me"]
[Black "Langner, Donizete Ribeiro"]
[Result "1-0"]
[WhiteElo "2161"]
[BlackElo "2019"]
[PlyCount "69"]
[EventDate "2012.10.18"]
[EventType "team-swiss"]
[EventRounds "7"]
[EventCountry "BRA"]
[SourceTitle "EXT 2013"]
[Source "ChessBase"]
[SourceDate "2012.11.22"]
[SourceVersion "1"]
[SourceVersionDate "2012.11.22"]
[SourceQuality "1"]

1. d4 Nf6 2. c4 c5 3. e3 cxd4 4. exd4 d5 5. Nc3 g6 6. Nf3 Bg7 7. h3 0-0 8. Bd3 Nc6 9. 0-0 dxc4 10. Bxc4 a6 11. a4 e6 12. Be3 Nb4 13. Qb3 Nbd5 14. Bg5 h6 15. Bh4 Qa5 16. Ne5 g5 17. Bxd5 exd5 18. Bg3 Be6 19. f3 Rfd8 20. Rfe1 Nd7 21. Rad1 Nxe5 22. Bxe5 Bxe5 23. Rxe5 Rac8 24. f4 gxf4 25. Ne2 f3 26. Qxf3 Qb4 27. Nf4 Qb6 28. Nh5 Kf8 29. Rde1 Rc6 30. Qf6 Re8 31. Qxh6+ Ke7 32. Qg5+ Kd6 33. Nf6 Qd8 34. Rxd5+ Bxd5 35. Qf4+ 1-0